000 01196nam a22002057a 4500
005 20260115101358.0
008 230605b ||||| |||| 00| 0 eng d
040 _aSSBUL
_cSSBUL
082 _223
_a၂၉၄.၃၄၄၃၅
100 _aခေမာနန္ဒ၊
_cအရှင်၊
_g(ရန်ကင်းတောရ)သပြေပင်။
_924649
245 _aဆဋ္ဌမအာရုံကိုဝိပဿနာပညာဖြင့်ချဉ်းကပ်လေ့လာခြင်း ၊
_cအရှင်ခေမာနန္ဒ(ရန်ကင်းတောရ)သပြေပင်။
260 _aရန်ကုန်၊
_bရွှေနိုင်ငံစာပေ၊
_c၂၀၁၃။
300 _aစ၊ ၅၆ စာမျက်နှာ၊
_c၂၁ စင်တီ။
440 _aရန်ကင်းတောင်စာစဉ်၊
_v၂၁။
_924623
500 _aS-KN: Ashin Khemānanda
520 _aS-KN: Ashin Khemānanda
650 _aဗုဒ္ဓဘာသာ
_xဝိပဿနာ။
_924652
650 _aဆဋ္ဌမအာရုံ။
_925206
942 _2ddc
_cBK
_e23
_h၂၉၄.၃၄၄၃၅
_kခေ
999 _c25241
_d25241